Disciplined natives: (Record no. 178766)

MARC details
000 -LEADER
fixed length control field 00744nam a22002057a 4500
005 - DATE AND TIME OF LATEST TRANSACTION
control field 20210413111103.0
010 ## - LCCN (DPL NO)
LC control number B-739788
020 ## - INTERNATIONAL STANDARD BOOK NUMBER
International Standard Book Number 9789380607313
Terms of availability 995.00
035 ## - SYSTEM CONTROL NUMBER
System control number B-739788
037 ## - SOURCE OF ACQUISITION
Source of stock number/acquisition Gift
082 04 - DEWEY DECIMAL CLASSIFICATION NUMBER
Classification number 954.03
100 1# - MAIN ENTRY--PERSONAL NAME
Personal name Sen, Satadru
245 10 - TITLE STATEMENT
Title Disciplined natives:
Remainder of title race, freedom, and confinement in colonial India /
Statement of responsibility, etc by Satadru Sen
260 ## - PUBLICATION, DISTRIBUTION, ETC. (IMPRINT)
Place of publication, distribution, etc Delhi
Name of publisher, distributor, etc Primus Books
Date of publication, distribution, etc 2012
270 ## - ADDRESS
Address Virat Bhavan, Mukherjee Nagar Commercial Complex
City Delhi
Postal code 110009
300 ## - PHYSICAL DESCRIPTION
Extent viii, 359p.
Dimensions 25cm(Hb)
500 ## - GENERAL NOTE
General note includes index
942 ## - ADDED ENTRY ELEMENTS (KOHA)
Source of classification or shelving scheme Dewey Decimal Classification
Item type English Books
Classification part 954.03
Call number suffix SEN
Holdings
Withdrawn status Lost status Not for loan Collection code Home library Current library Date acquired Source of acquisition Cost, normal purchase price Full call number Barcode Copy number Cost, replacement price Koha item type Public note
      Non-fiction Central Library Central Library 13/04/2021 Gift/Eng/05-04-2021 995.00 954.03 SEN B-739788 1 995.00 English Books Gift

© Delhi Public Library
Hit Counter
free hit counter